Central Library OPAC University of Rajshahi

The Cassell book of the Ford "Popular" / (Record no. 73252)

MARC details
000 -LEADER
fixed length control field 00641nam a2200229 a 4500
001 - CONTROL NUMBER
control field 73252
003 - CONTROL NUMBER IDENTIFIER
rucl marc code BD-RjUL
005 - DATE AND TIME OF LATEST TRANSACTION
control field 20211209082352.0
008 - FIXED-LENGTH DATA ELEMENTS--GENERAL INFORMATION
fixed length control field 170529s1955 enka 001 0 eng d
035 ## - SYSTEM CONTROL NUMBER
System control number (BD-RjUL) 73470
System control number 507325
040 ## - CATALOGING SOURCE
Original cataloging agency ANL
Language of cataloging eng
Transcribing agency ANL
Modifying agency BD-RjUL
041 ## - LANGUAGE CODE
Language code of text/sound track or separate title eng
082 ## - DEWEY DECIMAL CLASSIFICATION NUMBER
Edition number 23
Classification number 629.2222
Author mark and year HAC 1955
100 1# - MAIN ENTRY--PERSONAL NAME
Personal name Hawks, Ellison
9 (RLIN) 216659
245 14 - TITLE STATEMENT
Title The Cassell book of the Ford "Popular" /
Statement of responsibility, etc. Ellison Hawks
260 ## - PUBLICATION, DISTRIBUTION, ETC. (IMPRINT)
Place of publication, distribution, etc. London :
Name of publisher, distributor, etc. Cassell,
Date of publication, distribution, etc. c1955.
300 ## - PHYSICAL DESCRIPTION
Illustrations 128 p. :
Pagination ill. ;
Size 22 cm.
500 ## - GENERAL NOTE
General note Includes Index.
650 #0 - SUBJECT ADDED ENTRY--TOPICAL TERM
Topical term or geographic name as entry element Automobiles
General subdivision Handbooks, manuals, etc.
9 (RLIN) 216674
942 ## - ADDED ENTRY ELEMENTS (KOHA)
Source of classification or shelving scheme Dewey Decimal Classification
Koha item type Books
Holdings
Lost status Source of classification or shelving scheme Damaged status Not for loan Collection code Permanent Location Current Location Shelving location Date acquired Source of acquisition Cost, normal purchase price Total Checkouts Full call number Date last seen Copy number Koha item type
  Dewey Decimal Classification   Not For Loan Non-fiction Central Library, University of Rajshahi Central Library, University of Rajshahi Reading Room 09/06/1955 Allies 4.04   629.2222 HAC 1955 29/05/2017 C-1 Books